| 000 | 01306nam a2200301 i 4500 | ||
|---|---|---|---|
| 003 | EG-GICUC | ||
| 005 | 20260421142647.0 | ||
| 008 | 260421r2001 ua ||||fr|||| 000 0 eng d | ||
| 040 |
_aEG-GiCUC _beng _cEG-GiCUC _dEG-GiCUC _erda |
||
| 082 | 0 | 4 |
_221 _a341.762 _bPR . R |
| 092 | 0 | 4 | _221 |
| 099 | _aLaw1 11 341.762 PR . R 2001 | ||
| 110 |
_aProgramme For The Development Of A Regional Strategy For The Utilisation Of The Nubian Sandstone Aquifer System _eAuthor. |
||
| 245 | 1 | 0 |
_aRegional Strategy For The Utilisation Of The Nubian Sandstone Aquifer System. _nVolume Iii: _pGround Water Model/ _cProgramme For The Development Of A Regional Strategy For The Utilisation Of The Nubian Sandstone Aquifer System. |
| 264 | 0 | 1 |
_aCairo: _c2001. |
| 300 |
_a91 Pages; _c24 cm. |
||
| 336 |
_2rda content _atext |
||
| 337 |
_2rda media _aComputer |
||
| 338 |
_2rda carrier _aOnline Resource |
||
| 546 | _aText in English | ||
| 650 | 1 | _aPublic International Law | |
| 650 | 1 | _aNatural Resources -- Protection -- International Law | |
| 700 | 1 |
_aCentre For Environment & Development For The Arab Region And Europe _eContributor |
|
| 700 | 1 |
_aInternational Fund For Agricultural Development _eContributor |
|
| 856 | 4 | 0 | _uhttps://fll.law.cu.edu.eg/fulltext/bks/B11-09733.pdf |
| 905 | _a59 | ||
| 942 |
_2ddc _cBK _e21 _n0 |
||
| 999 |
_c72555 _d72555 |
||